| 000 | 01838nam a22003617a 4500 | ||
|---|---|---|---|
| 003 | OSt | ||
| 005 | 20260420183945.0 | ||
| 008 | 250404b mp ||||| |||| 00| 0 mon d | ||
| 022 | _a9992981318 | ||
| 040 |
_aЭрүүл Мэндийн Шинжлэх ухааны төв номын сан _bmon _erda |
||
| 082 |
_221 _a614.4 _bО-637 |
||
| 100 |
_aОюу-Эрдэнэ, Ш. _eсудлаач _949164 |
||
| 245 | _aМонгол улсын өсвөр залуу насныхны хепатитийн С вирүсийн халдварын тархалтын судалгаа // | ||
| 264 |
_aУлаанбаатар _c2021. |
||
| 300 | _aХ.66-69 | ||
| 440 |
_aЭрүүл Мэндийн Шинжлэх Ухаан: _v 2021 vol. 17, №6 (62) _964897 |
||
| 546 |
_aмонгол _bкирилл |
||
| 653 | 4 | _aхсв | |
| 653 | 4 | _aтархалт | |
| 653 | 4 | _aхалдвар | |
| 653 | 4 | _aөсвөр үе | |
| 700 | 0 |
_aОюу-Эрдэнэ, Ш. _eсудлаач _949164 |
|
| 700 | 0 |
_aЕркебулан, М _eсудлаач _94306 |
|
| 700 | 0 |
_aСэр-Од, Х. _eсудлаач _965505 |
|
| 700 | 0 |
_aЭнх-Оюун, Ц. _eсудлаач _964927 |
|
| 700 | 0 |
_aБира, Н. _eсудлаач _964928 |
|
| 700 | 0 |
_aОтгонбаяр, Р. _eсудлаач _970804 |
|
| 700 | 0 |
_aДаваалхам, Д. _eсудлаач _970805 |
|
| 710 |
_aАнагаахын Шинжлэх Ухааны Үндэсний Их Сургууль _eНийгмийн Эрүүл Мэндийн Сургууль _970806 |
||
| 710 |
_aАнагаахын Шинжлэх Ухааны Үндэсний Их Сургууль _eАнагаах Ухааны Сургууль _970806 |
||
| 856 |
_uhttp://library.mnums.edu.mn/cgi-bin/koha/opac-detail.pl?biblionumber=31050 _zЭРҮҮЛ МЭНДИЙН ШИНЖЛЭХ УХААН 2021, vol. 17, №6 (62) |
||
| 942 |
_2ddc _cARTICLE |
||
| 999 |
_c34434 _d34434 |
||